| 000 | 00000nam##2200000za#4500 |
| 001 | 9.658016 |
| 003 | CaOODSP |
| 005 | 20241125160708 |
| 007 | ta |
| 008 | 150407|1995||||xxc||||| f|0| 0 fre|d |
| 020 | |a0-662-62060-7 |
| 040 | |aCaOODSP|bfre |
| 041 | |aeng |
| 041 | |afre |
| 043 | |an-cn--- |
| 086 | 1 |aE2-161/1995 |
| 110 | 1 |aCanada. |bAffaires étrangères et commerce international Canada. |
| 245 | 10|aLes opérations de paix de l'ONU: vers une capacité de réaction rapide : |brapport du gouvernement du Canada / |cPublié conjointement par le ministère de la Défense nationale. |
| 260 | |aOttawa - Ontario : |bAffaires étrangères et Commerce international |c1995. |
| 300 | |aTexte français, 86p. : |bgraphiques, références ; |c28 cm. |
| 500 | |aSommaire: Pourquoi doter l'ONU d'une capacité de réaction rapide?--Les principes fondamentaux de l'étude.--Le bilan de la réaction rapide dans un passé récent.--Dans quelle mesure L'ONU possède-t-elle les éléments d'une capacité de réaction rapide?--Programme pratique de réforme à court et moyen terme.--Vision d'avenir: perspectives à long terme sur la réaction rapide.--Vers une capacité de réaction rapide: conclusions. |
| 546 | |aBilingue |
| 563 | |aCouverture souple |
| 590 | |a95-41|b1995-10-13 |
| 691 | 07|aMaintien de la paix|2gcpds |
| 691 | 07|aOrganisme international|2gcpds |
| 776 | 0#|tLes opeĢrations de paix de l'ONU : |w(CaOODSP)9.945552 |
| 791 | |tTowards a rapid reaction capability for the United Nations : |eeng|w(CaOODSP)9.658015 |